000 00847nam a2200217Ii 4500
003 JO-AjNU
008 230605s9999||||xx |||||||||||||| ||und||
017 _a2012/8/4506
020 _a978-9957-24-136-0
040 _aJO-AjNU
_bara
_erda
_cJO-AjNU
041 _aara
050 1 4 _aQ180.AI.R426 2013
100 3 _aعليان، ربحي مصطفى، م.مشارك عثمان محمد غنيم,
_eauthor
_961246
245 0 0 _aاساليب البحث العلمي: النظرية والتطبيق
264 3 1 _aعمان: دار الصفاء للنشر والتوزيع، 2013
300 _a456ص
_bيحتوي على جداول توضيحية ومراجع ومصادر
336 _atext
_btxt
_2rdacontent
337 _aunmediated
_bn
_2rdamedia
338 _avolume
_bnc
_2rdacarrier
650 4 _aالبحث العلمي-طرق البحث
_961247
999 _aA27670
_c31238
_d31238